| 000 | 00632nam a2200169 a 4500 | ||
|---|---|---|---|
| 008 | 180925s2015 ||||||||||||||||| || u | ||
| 020 | _a9781119021247 | ||
| 050 | _aTK 5105.5 Lam | ||
| 100 | _aLammle, Todd | ||
| 245 | 1 | 0 |
_aComptia network: study guide, exam N10-006. (3rd ed.) _cBy Todd Lammle |
| 250 | _a3rd edition | ||
| 260 |
_aIndiana: _bSybex _c2015 |
||
| 300 | _al,906p.: ill. | ||
| 350 | _a49.99 | ||
| 650 | 0 | _aCOMPUTER NETWORKS--EXAMINATIONS--STUDY GUIDES | |
| 995 |
_FCBU-MAIN LIBRARY (Kitwe) _I49.99 _M1 _UAVAILABLE _WNov 8, 2018 _ZMain Library Open Access Collection |
||
| 999 |
_c38189 _d38189 |
||